000 00310nam a22001337a 4500
008 181024b xxu||||| |||| 00| 0 eng d
020 _a9780618803316
041 _aeng
080 _26th
_a540
100 _a12
101 _aKIM
245 _aIntroductory Chemistry A Foundation
_cDecoste,Z
942 _2udc
_cBK
999 _c50810
_d50810